| 000 | 00626nam a22002057a 4500 | ||
|---|---|---|---|
| 999 |
_c9673 _d9673 |
||
| 003 | AR-CdUCM | ||
| 008 | 190328b ||||| |||| 00| 0 spa d | ||
| 040 |
_aMUNICIPALIDAD PROVINCIAL DEL CUSCO _cBIBLIOTECA MUNICIPAL DEL CUSCO |
||
| 082 |
_a869.56 / _bR93 |
||
| 100 |
_aRuíz Rosas, José _910187 |
||
| 245 |
_aLa sola palabra : _bPrologo de Jorge Cornejo Polar / |
||
| 260 |
_aPerú : _bAmes, _c1976. |
||
| 300 |
_a90 paginas ; _c21 cm. |
||
| 500 | _aDonación familia Nieto. | ||
| 505 | _aContenido :La sola palabra. | ||
| 650 |
_aLiteratura peruana _9169 |
||
| 650 |
_aPoemas _9929 |
||
| 942 |
_2ddc _cLIBROS |
||
| 945 | _arum | ||